Normal view
MARC view
- Machovec, George
Entry Personal Name
001 - CONTROL NUMBER
- control field: 104063
003 - CONTROL NUMBER IDENTIFIER
- control field: NUST
005 - DATE AND TIME OF LATEST TRANSACTION
- control field: 20221202184748.0
008 - FIXED-LENGTH DATA ELEMENTS
- fixed length control field: 221202|| aca||aabn | a|a d
040 ## - CATALOGING SOURCE
- Original cataloging agency: NUST
- Transcribing agency: NUST
100 ## - HEADING--PERSONAL NAME
- Personal name: Machovec, George
670 ## - SOURCE DATA FOUND
- Source citation: Work cat.: (NUST)0: Arizona State University. Solar Energy Collection. 104061, Solar energy index /, c1980.
